ترتيب احاديث و آثار المسند للامام ابي بكر الحميدي المتوفي سنة 219ه و يليه..... / (رقم التسجيلة. 127767)

تفاصيل مارك
000 -LEADER
fixed length control field 00622nam a22001697a 4500
005 - DATE AND TIME OF LATEST TRANSACTION
control field 20251108175152.0
008 - FIXED-LENGTH DATA ELEMENTS--GENERAL INFORMATION
fixed length control field 250721s9999 xx 000 0 ara d
082 14 - DEWEY DECIMAL CLASSIFICATION NUMBER
Classification number 213.03/حاك
100 1# - MAIN ENTRY--PERSONAL NAME
Personal name الحاكم النيسابوري، محمد بن عبد الله الطهماني
245 10 - TITLE STATEMENT
Title ترتيب احاديث و آثار المسند للامام ابي بكر الحميدي المتوفي سنة 219ه و يليه..... /
264 1# - PRODUCTION, PUBLICATION, DISTRIBUTION, MANUFACTURE, AND COPYRIGHT NOTICE
Place of production, publication, distribution, manufacture الرياض :
Name of producer, publisher, distributor, manufacturer دار العاصمة،
300 ## - PHYSICAL DESCRIPTION
Extent 102ص.
650 17 - SUBJECT ADDED ENTRY--TOPICAL TERM
Topical term or geographic name as entry element الاسلام
650 17 - SUBJECT ADDED ENTRY--TOPICAL TERM
Topical term or geographic name as entry element الحديث الشريف
942 ## - ADDED ENTRY ELEMENTS (KOHA)
Source of classification or shelving scheme Dewey Decimal Classification
Koha item type كتب
المقتنيات
حالة السحب حالة الفقدان مصدر التصنيف حالة التلف غير قابل للإعارة المكتبة الرئيسية المكتبة الحالية موقع الرف تاريخ التزويد الرقم المتسلسل Total Checkouts رقم الإستدعاء الباركود تاريخ آخر ظهور تاريخ الفاتورة نوع المادة (كوها)
    Dewey Decimal Classification     مكتبة الأميرة ايمان العامة مكتبة الأميرة ايمان العامة الإعارة 19/10/2013 [9443]   213.03/حاك PLD00283260 28/07/2025 19/10/2013 كتب
Implemented & Customized by: BBB with SCIT (Smart Chains for Information Technology)

Powered by Koha